000 00306nam a22001337a 4500
008 250625b |||||||| |||| 00| 0 eng d
020 _a0070465886
050 _aHD66.N55
100 _aNILSON Carolynn
245 _aTeam games
260 _aNew york
_bMcccgraw Hill
_c1993
300 _aXXI322
942 _cBK
999 _c3971
_d3971